<?xml version="1.0" encoding="UTF-8"?>
<record
    xmlns:xsi="http://www.w3.org/2001/XMLSchema-instance"
    xsi:schemaLocation="http://www.loc.gov/MARC21/slim http://www.loc.gov/standards/marcxml/schema/MARC21slim.xsd"
    xmlns="http://www.loc.gov/MARC21/slim">

  <leader>00286nam a22001097a 4500</leader>
  <datafield tag="020" ind1=" " ind2=" ">
    <subfield code="a">978-986-97417-6-7</subfield>
  </datafield>
  <datafield tag="050" ind1=" " ind2=" ">
    <subfield code="a">783.3886</subfield>
  </datafield>
  <datafield tag="245" ind1=" " ind2=" ">
    <subfield code="a">&#x6797;&#x69AE;&#x4E09;&#x8207;&#x53F0;&#x7063;</subfield>
    <subfield code="c">&#x9127;&#x851A;&#x5049;</subfield>
  </datafield>
  <datafield tag="250" ind1=" " ind2=" ">
    <subfield code="a">&#x521D;&#x7248;</subfield>
  </datafield>
  <datafield tag="260" ind1=" " ind2=" ">
    <subfield code="a">&#x65B0;&#x5317;&#x5E02;</subfield>
    <subfield code="b">&#x8CA1;&#x5718;&#x6CD5;&#x4EBA;&#x6797;&#x69AE;&#x4E09;&#x6587;&#x5316;&#x516C;&#x76CA;&#x57FA;&#x91D1;&#x6703;</subfield>
    <subfield code="c">2025.12</subfield>
  </datafield>
  <datafield tag="942" ind1=" " ind2=" ">
    <subfield code="2">ccl</subfield>
    <subfield code="c">BOOK</subfield>
  </datafield>
  <datafield tag="999" ind1=" " ind2=" ">
    <subfield code="c">7704</subfield>
    <subfield code="d">7704</subfield>
  </datafield>
  <datafield tag="952" ind1=" " ind2=" ">
    <subfield code="0">0</subfield>
    <subfield code="1">0</subfield>
    <subfield code="2">ccl</subfield>
    <subfield code="4">0</subfield>
    <subfield code="7">0</subfield>
    <subfield code="a">yeezen</subfield>
    <subfield code="b">yeezen</subfield>
    <subfield code="c">YEEZEN</subfield>
    <subfield code="d">2026-04-01</subfield>
    <subfield code="l">0</subfield>
    <subfield code="o">783.3886</subfield>
    <subfield code="p">C03287</subfield>
    <subfield code="r">2026-04-01 00:00:00</subfield>
    <subfield code="w">2026-04-01</subfield>
    <subfield code="y">BOOK</subfield>
    <subfield code="z">&#x7531;&#x8CA1;&#x5718;&#x6CD5;&#x4EBA;&#x6797;&#x69AE;&#x4E09;&#x6587;&#x5316;&#x516C;&#x76CA;&#x57FA;&#x91D1;&#x6703;&#x7DE8;&#x8F2F;&#x3001;&#x51FA;&#x7248;&#x7684;&#x300A;&#x6797;&#x69AE;&#x4E09;&#x8207;&#x53F0;&#x7063;&#x300B;&#xFF0C;&#x81EA;&#x4E00;&#x4EE3;&#x5831;&#x4EBA;&#x6797;&#x69AE;&#x4E09;&#x51FA;&#x8EAB;&#x5730;&#x8606;&#x6D32;&#x6558;&#x8D77;&#xFF0C;&#x56DE;&#x9867;&#x4ED6;&#x6240;&#x53D7;&#x7684;&#x56B4;&#x683C;&#x5BB6;&#x6559;&#x548C;&#x5BB6;&#x5EAD;&#x80CC;&#x666F;&#xFF0C;&#x4E43;&#x81F3;&#x6C42;&#x5B78;&#x3001;&#x6210;&#x5BB6;&#x7B49;&#x7D30;&#x7BC0;&#xFF0C;&#x7E7C;&#x800C;&#x8A73;&#x8FF0;&#x4E0D;&#x540C;&#x4EBA;&#x751F;&#x968E;&#x6BB5;&#x7684;&#x8B8A;&#x5316;&#xFF0C;&#x53CA;&#x5C0D;&#x53F0;&#x7063;&#x7684;&#x5F71;&#x97FF;&#x529B;&#x3002;&#x5168;&#x66F8;352&#x9801;&#xFF0C;&#x9664;&#x900F;&#x904E;&#x5927;&#x91CF;&#x8A2A;&#x554F;&#x589E;&#x6DFB;&#x4FE1;&#x5BE6;&#xFF0C;&#x4E26;&#x4F50;&#x914D;&#x73CD;&#x8CB4;&#x7167;&#x7247;148&#x5E45;&#xFF0C;&#x6BCF;&#x7AE0;&#x7BC0;&#x672B;&#x9644;&#x6709;&#x3010;&#x5B9A;&#x7FA9;&#x6797;&#x69AE;&#x4E09;&#x3011;&#xFF0C;&#x4F7F;&#x4E00;&#x4EE3;&#x5831;&#x4EBA;&#x7684;&#x591A;&#x91CD;&#x9762;&#x5411;&#x5F97;&#x4EE5;&#x5168;&#x65B9;&#x4F4D;&#x5448;&#x73FE;&#x3002;</subfield>
  </datafield>
</record>
